000 00733nam a2200229Ia 4500
003 OSt
005 20230725111103.0
008 210716s1996 xx 000 0 und d
020 _a8170297621
040 _cAIMIT LIBRARY
041 _aeng
082 _a005.1
_21
_bCHAS
100 _aChavan, Shirish.
_9128320
245 _aStructured programming:
_bgo to controversy to oop /
_cBy Shirish Chavan.
250 _a1st ed.
260 _aNew Delhi :
_bBPB Publications ,
_c1996.
300 _axi,426p. ;
_bPB
_c21 cm.
650 _aObjectives of structured programming
_9128321
650 _aNuts and bolts of structured programming
_9128322
650 _aJackson structured programming
_9128323
942 _2ddc
_cBK
_e1
_k005.1 CHAS
999 _c183072
_d183072